The computer user's survival guide / (Record no. 176578)
[ view plain ]
| 000 -LEADER | |
|---|---|
| fixed length control field | 01179 a2200301 4500 |
| 003 - CONTROL NUMBER IDENTIFIER | |
| control field | Nust |
| 005 - DATE AND TIME OF LATEST TRANSACTION | |
| control field | 20220722114247.0 |
| 010 ## - LIBRARY OF CONGRESS CONTROL NUMBER | |
| LC control number | 96133471 |
| 020 ## - INTERNATIONAL STANDARD BOOK NUMBER | |
| International Standard Book Number | 1565920309 |
| 035 ## - SYSTEM CONTROL NUMBER | |
| System control number | (OCoLC)33355618 |
| 040 ## - CATALOGING SOURCE | |
| Transcribing agency | Nust |
| 082 00 - DEWEY DECIMAL CLASSIFICATION NUMBER | |
| Classification number | 004,STI |
| 100 1# - MAIN ENTRY--PERSONAL NAME | |
| Personal name | Stigliani, Joan. |
| 9 (RLIN) | 94543 |
| 245 14 - TITLE STATEMENT | |
| Title | The computer user's survival guide / |
| Statement of responsibility, etc. | Joan Stigliani. |
| 250 ## - EDITION STATEMENT | |
| Edition statement | 1st ed. |
| 260 ## - PUBLICATION, DISTRIBUTION, ETC. | |
| Place of publication, distribution, etc. | Sebastopol, CA : |
| Name of publisher, distributor, etc. | O'Reilly & Associates, |
| Date of publication, distribution, etc. | c1995. |
| 300 ## - PHYSICAL DESCRIPTION | |
| Extent | 276 p. : |
| Other physical details | ill. ; |
| Dimensions | 24 cm. |
| 505 ## - FORMATTED CONTENTS NOTE | |
| Formatted contents note | Preface (Page-xi), The Basics (Page-1), Repetitive Strain Injury (Page-61), Eyestrain (Page-125), Stress (Page-181), The Potential Risks of Electromagnetic Fields (Page-205), Appendixes (Page-237). |
| 650 #0 - SUBJECT ADDED ENTRY--TOPICAL TERM | |
| Topical term or geographic name entry element | Computer Terminals. |
| 9 (RLIN) | 94544 |
| 650 #0 - SUBJECT ADDED ENTRY--TOPICAL TERM | |
| Topical term or geographic name entry element | Computers |
| General subdivision | Health aspects. |
| 9 (RLIN) | 94545 |
| 650 #0 - SUBJECT ADDED ENTRY--TOPICAL TERM | |
| Topical term or geographic name entry element | Human Engineering. |
| 9 (RLIN) | 2301 |
| 650 #0 - SUBJECT ADDED ENTRY--TOPICAL TERM | |
| Topical term or geographic name entry element | Occupational Diseases |
| General subdivision | prevention & control. |
| 9 (RLIN) | 94546 |
| 650 #0 - SUBJECT ADDED ENTRY--TOPICAL TERM | |
| Topical term or geographic name entry element | Occupational Health. |
| 9 (RLIN) | 94547 |
| 650 #0 - SUBJECT ADDED ENTRY--TOPICAL TERM | |
| Topical term or geographic name entry element | Video display terminals |
| General subdivision | Health aspects. |
| 9 (RLIN) | 94548 |
| 650 #0 - SUBJECT ADDED ENTRY--TOPICAL TERM | |
| Topical term or geographic name entry element | Workplace |
| General subdivision | standards. |
| 9 (RLIN) | 94549 |
| 856 42 - ELECTRONIC LOCATION AND ACCESS | |
| Materials specified | Publisher description |
| Uniform Resource Identifier | <a href="http://www.loc.gov/catdir/enhancements/fy0915/96133471-d.html">http://www.loc.gov/catdir/enhancements/fy0915/96133471-d.html</a> |
| 942 ## - ADDED ENTRY ELEMENTS (KOHA) | |
| Source of classification or shelving scheme | |
| Koha item type | Book |
| Call number prefix | 004,STI |
| Withdrawn status | Lost status | Source of classification or shelving scheme | Damaged status | Not for loan | Permanent Location | Current Location | Shelving location | Date acquired | Full call number | Barcode | Date last seen | Price effective from | Koha item type | Public note |
|---|---|---|---|---|---|---|---|---|---|---|---|---|---|---|
| Military College of Signals (MCS) | Military College of Signals (MCS) | General Stacks | 12/12/2016 | 004,STI | MCS27040 | 12/08/2016 | 12/12/2016 | Book | Almirah No. 1, Shelf No. 5 |
